01098nam a2200193Ia 4500001001100000003001000011008004100021040002500062041001300087100002000100245002900120250001100149260006600160300001200226500026000238501011400498520026000612650003200872L810-33678IT-CnALBA170116s9999||||xx |||||||||||||| ||und|| aIT-CnALBAcIT-CnALBA aITALIANO aGALSWORTHY JOHN 0aIL POSSIDENTE. ROMANZO.  a3a ed. aMILANObCORBACCIO EDIZIONI SOC. ANONIMAc1935 [1° Ed.: n.d.] a430 p.  aTRADUZIONE DALL'INGLESE DI DAULI C. IL VECCHIO JOLYN. ALL'OPERA, PRANZO DA SWITHIN. PROGETTO DELLA CASA. LA VITA IN FAMIGLIA DI UN FORSYTE. TUTTO JAMES. IL PECCATO VENIALE DEL VECCHIO JOLYON. PIANTA DELLA CASA. MORTE DI ZIA ANN. INNALZAMENTO DELLA CASA. D aSocietà San Paolo EM - Piazza San Paolo, 14 - 12051 ALBA (CN) (non commercial uses only) ® Copyright 2017 aTRADUZIONE DALL'INGLESE DI DAULI C. IL VECCHIO JOLYN. ALL'OPERA, PRANZO DA SWITHIN. PROGETTO DELLA CASA. LA VITA IN FAMIGLIA DI UN FORSYTE. TUTTO JAMES. IL PECCATO VENIALE DEL VECCHIO JOLYON. PIANTA DELLA CASA. MORTE DI ZIA ANN. INNALZAMENTO DELLA CASA. D aLETTERATURA INGLESE E ALTRE